000 00942nam a22002531 4500
005 19681225000000.0
008 710622s1966 enka 000 0 eng
010 _aENG-91201
020 _a9780070655478
_c480.00
020 _a0770655472
035 _aEN-74734
037 _bDBAD / PUB
040 _adpl
_bEnglish
082 _a330.954
100 _aRamesh Singh
_935947
245 _aIndian economy:
_cby Ramesh Singh
_bfor Civil Services examinations /
260 _aNew Delhi
_bTata McGraw-Hill Publishing
_c2008
300 _aVarious pagings
_c26 cm (pbk)
490 _aTata McGraw-Hill's winning we edge series
_935948
650 _aEconomy
_zIndia
_935949
651 _aIndia
_xEconomy
_935950
942 _2ddc
_cEN
_mRAM
_h330.954
999 _c16360
_d16360